Cry, The peacock (Record no. 17479)

MARC details
000 -LEADER
fixed length control field 00557nam a2200253Ia 4500
001 - CONTROL NUMBER
control field 120920
003 - CONTROL NUMBER IDENTIFIER
control field YMCAF
005 - DATE AND TIME OF LATEST TRANSACTION
control field 20230512163845.0
008 - FIXED-LENGTH DATA ELEMENTS--GENERAL INFORMATION
fixed length control field 211208s2021 ||||||||||||||||| ||und|d
020 ## - INTERNATIONAL STANDARD BOOK NUMBER
International Standard Book Number 9788122200850
024 ## - OTHER STANDARD IDENTIFIER
Standard number or code 120920
035 ## - SYSTEM CONTROL NUMBER
System control number 52306
040 ## - CATALOGING SOURCE
Original cataloging agency YMCAF
Language of cataloging eng
Transcribing agency IN-KoLT
041 ## - LANGUAGE CODE
Language code of text/sound track or separate title eng
082 ## - DEWEY DECIMAL CLASSIFICATION NUMBER
Classification number 823
Item number DES
100 ## - MAIN ENTRY--PERSONAL NAME
Personal name Desai, Anita
245 #0 - TITLE STATEMENT
Title Cry, The peacock
260 ## - PUBLICATION, DISTRIBUTION, ETC.
Place of publication, distribution, etc. Delhi
Name of publisher, distributor, etc. orient, 1980
Date of publication, distribution, etc. 2021
300 ## - PHYSICAL DESCRIPTION
Extent 193p.
653 ## - INDEX TERM--UNCONTROLLED
Uncontrolled term ENGLISH BOOK
653 ## - INDEX TERM--UNCONTROLLED
Uncontrolled term FICTION
653 ## - INDEX TERM--UNCONTROLLED
Uncontrolled term GENERAL
942 ## - ADDED ENTRY ELEMENTS (KOHA)
Source of classification or shelving scheme Dewey Decimal Classification
Koha item type Books
Holdings
Withdrawn status Lost status Damaged status Not for loan Home library Current library Date acquired Total Checkouts Barcode Date last seen Date last checked out Price effective from Koha item type Public note Total Renewals
        JC Bose University of Science & Technology JC Bose University of Science & Technology 08/12/2021 4 52307 03/10/2025 09/09/2025 12/05/2023 Books C  
        JC Bose University of Science & Technology JC Bose University of Science & Technology 08/12/2021 2 52306 30/06/2025 07/03/2025 12/05/2023 Books C 2